The legal environment of business / (Record no. 19006)
[ view plain ]
| 000 -LEADER | |
|---|---|
| fixed length control field | 01105pam a2200325 a 4500 |
| 001 - CONTROL NUMBER | |
| control field | 015715802 |
| 003 - CONTROL NUMBER IDENTIFIER | |
| control field | OSt |
| 005 - DATE AND TIME OF LATEST TRANSACTION | |
| control field | 20150218150313.0 |
| 008 - FIXED-LENGTH DATA ELEMENTS--GENERAL INFORMATION | |
| fixed length control field | 101207t2012 at k frbd |001 0 eng d |
| 020 ## - INTERNATIONAL STANDARD BOOK NUMBER | |
| International Standard Book Number | 9780538473507 (pbk.) |
| 020 ## - INTERNATIONAL STANDARD BOOK NUMBER | |
| International Standard Book Number | 0538473509 (pbk.) |
| 040 ## - CATALOGING SOURCE | |
| Original cataloging agency | StDuBDS |
| Language of cataloging | eng |
| Transcribing agency | StDuBDS |
| Modifying agency | Uk |
| -- | EG-ScBUE |
| 043 ## - GEOGRAPHIC AREA CODE | |
| Geographic area code | n-us--- |
| 082 00 - DEWEY DECIMAL CLASSIFICATION NUMBER | |
| Classification number | 346.7307 |
| Edition number | 22 |
| Item number | MEI |
| 100 1# - MAIN ENTRY--PERSONAL NAME | |
| Personal name | Meiners, Roger E. |
| 9 (RLIN) | 37461 |
| 245 14 - TITLE STATEMENT | |
| Title | The legal environment of business / |
| Statement of responsibility, etc | Roger E. Meiners, Al H. Ringleb, Frances L. Edwards. |
| 250 ## - EDITION STATEMENT | |
| Edition statement | 11th ed., |
| Remainder of edition statement | international ed. |
| 260 ## - PUBLICATION, DISTRIBUTION, ETC. (IMPRINT) | |
| Place of publication, distribution, etc | [Canberra] : |
| Name of publisher, distributor, etc | South-Western Cengage Learning, |
| Date of publication, distribution, etc | c.2012. |
| 300 ## - PHYSICAL DESCRIPTION | |
| Extent | xxi, 806 p. : |
| Other physical details | forms ; |
| Dimensions | 26 cm. |
| 500 ## - GENERAL NOTE | |
| General note | Glossary : p. 757-788. |
| 500 ## - GENERAL NOTE | |
| General note | Index : p. 789-806. |
| 504 ## - BIBLIOGRAPHY, ETC. NOTE | |
| Bibliography, etc | Includes bibliographical references. |
| 650 #0 - SUBJECT ADDED ENTRY--TOPICAL TERM | |
| Topical term or geographic name as entry element | Industrial laws and legislation |
| Geographic subdivision | United States |
| 9 (RLIN) | 37462 |
| 650 #0 - SUBJECT ADDED ENTRY--TOPICAL TERM | |
| Topical term or geographic name as entry element | Commercial law |
| Geographic subdivision | United States |
| 9 (RLIN) | 37192 |
| 653 ## - INDEX TERM--UNCONTROLLED | |
| Resource For college | BAEPS, Business Administration |
| Arrived date list | February2015 |
| 655 ## - INDEX TERM--GENRE/FORM | |
| Form subdivision | |
| -- | 34232 |
| 700 1# - ADDED ENTRY--PERSONAL NAME | |
| Personal name | Ringleb, Al H. |
| 9 (RLIN) | 37463 |
| 700 1# - ADDED ENTRY--PERSONAL NAME | |
| Personal name | Edwards, Frances L. |
| 9 (RLIN) | 37464 |
| 942 ## - ADDED ENTRY ELEMENTS (KOHA) | |
| Source of classification or shelving scheme | Dewey Decimal Classification |
| Call number prefix | 346.7307 MEI |
| Withdrawn status | Item status | Source of classification or shelving scheme | Damaged status | Not for loan | Vendor | Home library | Current library | Shelving location | Date acquired | Source of acquisition | Cost, normal purchase price | Serial Enumeration / chronology | Total Checkouts | Full call number | Barcode | Date last seen | Date last borrowed | Cost, replacement price | Koha item type |
|---|---|---|---|---|---|---|---|---|---|---|---|---|---|---|---|---|---|---|---|
| Dewey Decimal Classification | Baccah | Central Library | Central Library | First floor | 18/02/2015 | 858.00 | 21291 | 1 | 346.7307 MEI | 000037446 | 15/07/2025 | 15/03/2016 | 1073.00 | Book - Borrowing |